| 000 | 00866nam a2200277 i 4500 | ||
|---|---|---|---|
| 001 | 77965 | ||
| 003 | ES-MaACL | ||
| 005 | 20250430213157.0 | ||
| 007 | t| | ||
| 008 | 041116s1995 sp ||||1| spa d | ||
| 020 | _a84-08-01403-X | ||
| 080 | _a929 Ibárruri, Dolores | ||
| 080 | _a329(460)(091) | ||
| 100 | 0 |
_aVázquez Montalbán, Manuel, _d1939- _9113463 |
|
| 245 | 1 | 0 |
_aPasionaria y los siete enanitos / _cManuel Vázquez Montalbán. |
| 250 | _a1ª ed. | ||
| 260 |
_aBarcelona : _bPlaneta, _c1995. |
||
| 300 |
_a542 p. : _bil. ; _c23 cm. |
||
| 490 | 1 | _aEspejo de España | |
| 504 | _aBibliografía: p. 527-532. | ||
| 600 | 1 | 4 |
_aIbárruri, Dolores, _d1895-1989 _9240176 |
| 610 | 2 | 7 |
_aPartido Comunista de España- _vHistoria. _96139 |
| 830 | 0 |
_aEspejo de España _9177692 |
|
| 852 |
_aES-MaACL _jL-28454 _bR.134553 |
||
| 999 |
_c77965 _d77965 |
||